Statistics for Animal Collectives

Click here to take the quiz!

General Stats

  • This quiz has been taken 8 times
  • The average score is 2 of 9

Answer Stats

collectiveAnswer% Correct
An unkindeness of .....Ravens
80%
A coalition of ......Cheetahs
20%
A bask of ......Crocodiles
20%
A bed of ........Eels
20%
A squabble of ......Seagulls
20%
A parcel of ......Hogs
0%
A rally of ........Octopus
0%
A wisdom of ......Wombats
0%
A siege of ....Herons
0%

Score Distribution

Percentile by Number Answered

Percent of People with Each Score

Your Score History

You have not taken this quiz